Statistiques concernant Quizlendrier de l'Avent #07 - Traduction de Noël (espagnol)

Cliquez ici pour prendre le quiz!

Statistiques générales

  • Ce quiz a été pris 315 fois
  • Le résultat moyen est 11 sur 15

Statistiques - réponses

Mots espagnolsTraductions françaises% Correct
Papá NoelPère Noël
99%
NavidadNoël
97%
InviernoHiver
95%
RenoRenne
95%
EstrellaEtoile
85%
Mercado de NavidadMarché de Noël
82%
RegalosCadeaux
79%
ChimeneaCheminée
79%
IglesiaEglise
72%
NieveNeige
72%
JugueteJouet
70%
TrineoTraineau
63%
AdvenimientoAvent
45%
VelaBougie
32%
CampanaCloche
22%

Distribution des résultats

Percentile par nombre de réponses

% des personnes avec chaque résultat

Votre développement - résultats

Vous n’avez pas pris ce quiz